00806nam a22002294a 450000100060000000300080000600500170001400800390003102000280007003500190009804000320011704100080014908200250015724501120018226000470029430000620034150400510040365000450045470000280049970000250052770000240055236975BD-RjUL20211209052550.0140924s2001 enkaf b 001 0 eng a0851993567 (alk. paper) a(BD-RjUL)37077 aDLCcDLCdDLCdBD-RjULbeng aeng00a632.96221bFUN 200100aFungi as biocontrol agents :bprogress problems and potential /cedited by T.M. Butt, C. Jackson, N. Magan. aOxon, UK ;aNew York :bCABI Pub.,cc2001. ax, 390 p., [2] p. of plates :bill. (some col.) ;c25 cm. aIncludes bibliographical references and index. 0aFungi as biological pest control agents.1 aButt, T. M.q(Tariq M.)1 aJackson, C.q(Chris)1 aMagan, N.q(Naresh)